000 00532cam a22002174a 4500
005 20250605164256.0
008 250528s ||||||||||||||||||||||||d
035 _a21942
020 _a9789608136168
040 _aGR-AtMCL
_bgre
_dGR-AtMCL
_eAACR2
245 1 _aLINK E/PRE-FCE CLASS COURSE BOOK
250 _a1
260 _bNew Editions,
_c2002
300 _a159
700 1 _aBoyle Judy
_97824
700 1 _aFinnie Rachel
_97825
700 1 _aMcgavigan Patrick
_97826
942 _cBK
999 _c6999
_d6999